Animals in Chinese - Statistics

General Stats
  • This quiz has been taken 7 times
  • The average score is 9 of 14
Answer Stats
Animal in English Pinyin Animal written in Mandarin % Correct
crab pángxiè 螃蟹
83%
fish
83%
fox húli 狐狸
83%
tiger lǎo hǔ 老虎
83%
eel mányú 鳗鱼
67%
lobster lóng xiā 龙虾
67%
octopus bā zhuǎ yú 八爪鱼
67%
snail wō niú 蜗牛
67%
salamander róng yuán 蝾螈
67%
jackal chái láng 豺狼
67%
jellyfish hǎi zhē/shuǐ hǎi 海蜇
67%
jaguar jié bào 捷豹
50%
pacarana pà kǎlā nà 帕卡拉纳
17%
jabiru jiǎ bǐ lǔ 贾比鲁
0%
No matching quizzes found
Score Distribution
Percent of People with Each Score
Percentile by Number Answered
Your Score History
You have not taken this quiz